Prvá Tatranská slovesná jar

Podrobná bibliografia
Hlavný autor: Olejník, Ján, 1921-2017 (Autor)
Médium: Článok
Jazyk:slovenčina
Predmet:

MARC

LEADER 00000nab a2200000 a 4500
001 vtls000425988
003 SK-MaSNL
005 20260303130436.0
008 120925c1991 xo 0 slo
015 |a SNBRB19rr/mm-uuuuu 
035 |a CL0426116 
040 |a SNKBUCL  |b slo  |c SNKBUCL  |e AACR2 
041 0 |a slo 
044 |a xo  |c SK 
080 |a 82:061.7:06.063:82.085  |2 1981 
080 |a 061.7  |2 1981 
080 |a 06.063  |2 1981 
080 |a 82.085  |2 1981 
100 1 |a Olejník, Ján,  |d 1921-2017  |4 aut  |9 170319 
245 1 0 |a Prvá Tatranská slovesná jar  |c Ján Olejník 
650 0 7 |a recitácie  |2 snkbucl  |9 31371 
650 0 7 |a Tatranská slovesná jar 1991, Tatranská Lomnica  |2 snkbucl  |9 1145855 
655 7 |a články z novín a časopisov  |2 snkbucl  |9 267496 
655 7 |a články z odboru literárna veda a krásna literatúra  |2 snkbucl  |9 770045 
773 0 |t Slovenské národné noviny  |g Roč. 2, č. 15 (1991), s. 10 
850 |a Slovenská národná knižnica v Martine  |a MTA001 
852 |a SNK  |b KIS3GCP 
958 |a RK 
958 |a LX 
992 |a RBX 
999 |c 1940713  |d 1942643